LEADER 01270nam a2200265 i 4500 001 000000351193 003 CaOOAMICUS 005 20220812110052.0 008 220812s1888 it a u000 u ita u 013 $a235177 040 $aSeMil$bita 100 1 $aManzoni, Alessandro,$d<1785-1873>.$0(OLS)http://semarc/name/1162 245 12$aI promessi sposi :$bstoria milanese del secolo 17. /$cscoperta e rifatta da Alessandro Manzoni. 250 $aNuova edizione fiorentina / con due studi critici di Francesco De Sanctis 264 1$aFirenze :$bG. Barbčra,$c1888. 300 $a2 v. ;$c11 cm. 490 1 $aDiamante 650 4$aManzoni, Alessandro <1785-1873> . Promessi sposi - Ed. ante 1900.$0(OLS)http://semarc/subject/4045 700 1 $aDe Sanctis, Francesco,$d<1817-1883>.$0(OLS)http://semarc/name/1328 774 0 $aManzoni, Alessandro <1785-1873>$tVol. 1.$dFirenze : G. Barbčra, 1888.$w()351194 774 0 $aManzoni, Alessandro <1785-1873>$tVol. 2.$dFirenze : G. Barbčra, 1888.$w()351195 830 0$aDiamante.$0(OLS)http://semarc/title/401700 996 $6245$aI promessi sposi :$bstoria milanese del secolo 17.$9(OLS)http://semarc/title/33659 996 $6264$aFirenze :$bG. Barbčra$9(OLS)http://semarc/publisher/31283 LEADER 01352nam a2200277 4500 001 000000331284 003 CaOOAMICUS 005 20200831141122.0 008 181120s2009 it 000 u ita r 020 $a978-88-315-3698-1 040 $aSeMil$bita 110 1 $aConferenza Episcopale Italiana : Commissione Episcopale per la dottrina della fede, l'annuncio e la catechesi.$0(OLS)http://semarc/name/108535 245 10$aLettera ai cercatori di Dio /$cConferenza Episcopale Italiana, Commissione Episcopale per la dottrina della fede, l'annuncio e la catechesi. 264 1$aMilano :$bPaoline,$c2009. 300 $a119 p. ;$c17 cm 490 1 $aLa voce delle chiese locali [Paoline] ;$v73 650 4$aFede - Atteggiamento [dei] Cattolici.$0(OLS)http://semarc/subject/9578 650 4$aFede - Catechesi.$0(OLS)http://semarc/subject/4814 830 3$aLa voce delle chiese locali [Paoline] ;$v73.$0(OLS)http://semarc/title/28576 850 $aSeMil 852 $aSeMil$W1$xVenegono$y1$m5D XII 28/3$j221281$B223582$CSeMilBibl$Z2$F223582 $81 961 $aLascito don Giuseppe Prina 996 $6020$a978-88-315-3698-1$9(OLS)http://semarc/number/285642 996 $6245$aLettera ai cercatori di Dio$9(OLS)http://semarc/title/258157 996 $6264$aMilano :$bPaoline$9(OLS)http://semarc/publisher/29684